Welcome to the Holygrace Academy Library

Please use search bar below to get started

I CAME UPON A LIGHTHOUSE (Record no. 6899)

MARC details
000 -LEADER
fixed length control field 00626nam a22001457a 4500
020 ## - INTERNATIONAL STANDARD BOOK NUMBER
ISBN 978-93-5489-741-2
082 ## - DEWEY DECIMAL CLASSIFICATION NUMBER
Classification number 823
Item number NAI/I
100 ## - MAIN ENTRY--AUTHOR NAME
Personal name NAIDU SHANTANU
245 ## - TITLE STATEMENT
Title I CAME UPON A LIGHTHOUSE
260 ## - PUBLICATION, DISTRIBUTION, ETC. (IMPRINT)
Place of publication HARYANA
Name of publisher HARPER COLLINS PUBLISHERS
Year of publication 2021
300 ## - PHYSICAL DESCRIPTION
Number of Pages 217
520 ## - SUMMARY, ETC.
Summary, etc I Came Upon a Lighthouse: A Short Memoir of Life with Ratan Tata is a memoir written by Shantanu Naidu and illustrated by Sanjana Desai. Published by HarperCollins India in January 2021, the memoir explores the life and relation between the millennial Naidu and the octogenarian industrialist, Ratan Tata.
650 ## - SUBJECT ADDED ENTRY--TOPICAL TERM
Topical Term STORY
942 ## - ADDED ENTRY ELEMENTS (KOHA)
Koha item type Books
Holdings
Withdrawn status Lost status Collection code Home library Current library Shelving location Date acquired Source of acquisition Cost, normal purchase price Full call number Accession Number Koha item type
    Fiction Main Library Main Library NEW SHELF WITH NEW ENTRY 26/10/2023 Purchase 200.00 823 NAI/I 13284 Books